[Event "Vendrell op"]
[Site "Vendrell"]
[Date "1996.??.??"]
[Round "3"]
[White "Korneev, Oleg"]
[Black "Estremera Panos, Sergio"]
[Result "1-0"]
[WhiteElo "2590"]
[BlackElo "2385"]

1.e4 c5 2.Nf3 d6 3.d4 cxd4 4.Nxd4 Nf6 5.Nc3 Nc6 6.Bg5 e6 7.Qd2 a6 8.O-O-O Bd7
9.f3 Rc8 10.Kb1 Be7 11.h4 O-O 12.g4 b5 13.Nxc6 Bxc6 14.Bd3 d5 15.e5 Nd7 16.f4 Nc5
17.Rhe1 f6 18.exf6 Bxf6 19.Ne2 Qd6 20.Bxf6 Rxf6 21.g5 Rff8 22.h5 Bd7 23.h6 Nxd3
24.Qxd3 g6 25.b3 Rce8 26.Nc3 Qxf4 27.Ne4 dxe4 28.Qxd7 Qf7 29.Rxe4 e5 30.Kb2 Re7
31.Qd6 Qe6 32.Qb4 Ref7 33.Qc5 Rf5 34.Rd6 Rc8 35.Qb6 Qe7 36.Rxg6+ Kh8 37.Rc6 Rxc6
38.Qxc6 Rxg5 39.Qxa6  1-0

[Event "Vendrell op"]
[Site "Vendrell"]
[Date "1996.??.??"]
[Round "8"]
[White "Narciso Dublan, Marc"]
[Black "Villavicencio, Adalberto"]
[Result "1-0"]
[WhiteElo "2440"]
[BlackElo "2280"]

1.e4 c5 2.Nf3 Nc6 3.d4 cxd4 4.Nxd4 Nf6 5.Nc3 d6 6.Bg5 h6 7.Bxf6 gxf6 8.Bc4 h5
9.O-O a6 10.Kh1 e6 11.f4 Be7 12.f5 Nxd4 13.Qxd4 Bd7 14.fxe6 fxe6 15.e5 dxe5
16.Qe4 Kf7 17.Rad1 Qc7 18.Nd5 Bc6 19.Nxc7 Bxe4 20.Bxe6+ Kg6 21.Rd7 Bc5 22.Bf7+ Kh6
23.Ne6  1-0

[Event "Vienna op"]
[Site "Vienna"]
[Date "1996.??.??"]
[Round "2"]
[White "Zude, Arno"]
[Black "Epishin, Vladimir"]
[Result "0-1"]
[WhiteElo "2410"]
[BlackElo "2620"]

1.e4 c5 2.Nf3 d6 3.d4 cxd4 4.Nxd4 Nf6 5.Nc3 Nc6 6.Bg5 e6 7.Qd2 a6 8.O-O-O Nxd4
9.Qxd4 Be7 10.f4 b5 11.Bxf6 gxf6 12.Bd3 Qc7 13.Qe3 Bd7 14.Qh3 b4 15.Ne2 h5
16.f5 e5 17.Ng3 a5 18.Nxh5 Kd8 19.Qg4 Qc5 20.Kb1 a4 21.Qe2 a3 22.g4 axb2
23.Bc4 Ra3 24.Bb3 Bb5 25.Qd2 Bc4 26.Bxc4 Qxc4 27.Qd5 Qxd5 28.Rxd5 Kc7 29.Kxb2 Re3
30.Rd3 Rxe4 31.h3 Rc4 32.Rhd1 Ra8 33.Kb3 Rc5 34.Ng3 d5 35.Ne2 Kc6 36.Kb2 Rca5
37.Kb1 Bd6 38.Nc1 e4 39.Rd4 Rb5 40.Nb3 Be5 41.R4d2 Rh8 42.Rh1 Rh4 43.Nd4+ Bxd4
44.Rxd4 Kd6 45.Kb2 Ke5 46.Rdd1 d4 47.Kb3 Rc5 48.Rd2 Rc3+ 49.Kxb4 Rh8 50.a4 Rb8+
51.Ka5 e3 52.Rdh2 Kd6  0-1

[Event "Carl Schlechter mem"]
[Site "Vienna"]
[Date "1996.??.??"]
[Round "3"]
[White "Dirr, Ulrich"]
[Black "Groszpeter, Attila"]
[Result "0-1"]
[WhiteElo "2260"]
[BlackElo "2545"]

1.e4 c5 2.Nf3 d6 3.d4 cxd4 4.Nxd4 Nf6 5.Nc3 Nc6 6.Bg5 e6 7.Qd2 a6 8.O-O-O h6
9.Be3 Bd7 10.f4 b5 11.Bd3 Qc7 12.Kb1 Na5 13.Qe1 Be7 14.h3 Nc4 15.Bc1 b4 16.Nce2 a5
17.Ng3 O-O 18.Qe2 Rfc8 19.Rhf1 a4 20.e5 dxe5 21.fxe5 Nxe5 22.Bf4 Ra5 23.Nh5 Nxh5
24.Qxh5 Bf6 25.Qe2 Qc5 26.Bxe5 Qxe5 27.Qxe5 Rxe5 28.Nf3 Rec5 29.Nd2 R5c7
30.Ne4 Be7 31.g4 Bc6 32.Rfe1 Bd5 33.Re2 g6 34.b3 Ra8 35.Rg1 Rca7  0-1

[Event "Vienna op-C"]
[Site "Vienna"]
[Date "1996.??.??"]
[Round "3"]
[White "Sandhu, Mario"]
[Black "Gara, Anita"]
[Result "1-0"]
[WhiteElo "2130"]
[BlackElo "2235"]

1.e4 c5 2.Nf3 d6 3.d4 cxd4 4.Nxd4 Nf6 5.Nc3 Nc6 6.Bg5 e6 7.Qd2 a6 8.Be2 Be7
9.O-O-O Bd7 10.h4 h6 11.Be3 b5 12.f3 b4 13.Nb1 d5 14.exd5 Nxd5 15.Nf5 Nxe3
16.Nxe3 Ra7 17.Nc4 O-O 18.Qf4 Bf6 19.Nbd2 e5 20.Qg3 Qc7 21.Bd3 Be6 22.Kb1 a5
23.Ne4 Be7 24.Ng5 Bd7 25.Ne3 f5 26.Bc4+ Kh8 27.Be6 Nd4 28.Bxd7 f4 29.Qg4 Qxd7
30.Qxd7 Rxd7 31.Ne6 Rf6 32.Nxd4 fxe3 33.Ne2 Rfd6 34.Kc1 Rd2 35.Rxd2 Rxd2
36.Ng3 Rxg2 37.Nf5 Bc5 38.Re1 Rf2 39.Nxe3 Rxf3 40.Nc4 Bd4 41.Nxe5 Rh3 42.Nc6 Rxh4
43.Nxa5 g5 44.Nc6 Rf4 45.Nxb4 g4 46.Nd3 Rf3 47.Re4 Be3+ 48.Kd1 h5 49.Ne5 Rg3
50.Ke2 Bb6 51.Ng6+ Kh7 52.Nf4 h4 53.Re5 h3 54.Rh5+ Kg8 55.Rg5+ Kf7 56.Rh5 Re3+
57.Kd2 Rf3 58.Nd3 Bd4 59.c3 Be3+ 60.Ke2 Kf6 61.Ne5 Rg3 62.Nxg4+ Rxg4 63.Kxe3 Rg3+
64.Kd4 Kg6 65.Rh8 Kf5 66.b4 Kg4 67.b5 Rg2 68.b6 h2 69.a4 Rb2 70.Kc5 Kf5 71.c4 Ke6
72.Kc6 Rb4 73.c5 Rxa4 74.Rxh2  1-0

[Event "Vienna op-C"]
[Site "Vienna"]
[Date "1996.??.??"]
[Round "5"]
[White "Paehtz, Thomas Jr"]
[Black "Hilmer, Frank"]
[Result "0-1"]
[WhiteElo "2060"]
[BlackElo "2190"]

1.e4 c5 2.Nf3 Nc6 3.d4 cxd4 4.Nxd4 Nf6 5.Nc3 d6 6.Bg5 e6 7.Qd2 a6 8.O-O-O h6
9.Be3 Be7 10.f4 Nxd4 11.Bxd4 b5 12.Bd3 b4 13.Na4 Rb8 14.e5 dxe5 15.Bxe5 Bd7
16.Bxb8 Qxb8 17.b3 Bxa4 18.bxa4 O-O 19.Bc4 Ne4 20.Qe3 Nc3 21.Rd7 Bf6 22.Bb3 Qe8
23.Rd6 Qe7 24.Rd2 Qc7 25.h4 Qa5 26.g4 Nxa4 27.Bxa4 Qxa4 28.Qb3 Qc6 29.Rf1 Bc3
30.Re2 a5 31.a4 bxa3 32.Re3 Bb2+ 33.Kb1 a4 34.Qb4 Qg2 35.Rfe1 Rc8 36.Qxa4 Qxg4
37.Qd7 Rb8 38.Rb3 Qxf4 39.Rxb8+ Qxb8 40.Ka2 Qb4 41.Qe8+ Kh7 42.Rd1 Bc1  0-1

[Event "Vienna op-B"]
[Site "Vienna"]
[Date "1996.??.??"]
[Round "8"]
[White "Lengyel, Bela"]
[Black "Balinov, Ilija"]
[Result "1/2-1/2"]
[WhiteElo "2370"]
[BlackElo "2385"]

1.e4 c5 2.Nf3 d6 3.d4 Nf6 4.Nc3 cxd4 5.Nxd4 Nc6 6.Bg5 Bd7 7.Bxf6 gxf6 8.Nf5 Qa5
9.Bb5 a6 10.Bxc6 bxc6 11.Qd3 Rg8 12.O-O Rg5 13.Rae1 Rd8 14.f4 Rxf5 15.exf5 Bxf5
16.Ne4 Bxe4 17.Qxe4 Qc5+ 18.Kh1 f5 19.Qe2 a5 20.Rf3 Rb8 21.Re3 Rb7 22.b3 h6
23.c3 e6 24.b4 axb4 25.cxb4 Rxb4 26.Rxe6+ fxe6 27.Qxe6+ Kd8 28.Qe8+ Kc7 29.Qf7+ Kb6
30.Qxf8 Qc3 31.Qb8+ Ka6 32.Qa8+ Kb6 33.Qb8+ Ka6  1/2-1/2

[Event "JUG-chT"]
[Site "Vrnjacka Banja"]
[Date "1996.??.??"]
[Round "?"]
[White "Mitrovic, Petar"]
[Black "Djoric, Dusan"]
[Result "0-1"]
[WhiteElo "2365"]
[BlackElo "2355"]

1.e4 c5 2.Nf3 Nc6 3.d4 cxd4 4.Nxd4 Nf6 5.Nc3 d6 6.Bg5 e6 7.Qd3 Be7 8.O-O-O a6
9.Be2 Qc7 10.h4 Bd7 11.h5 h6 12.Bh4 b5 13.a3 Rc8 14.Nxc6 Bxc6 15.f4 O-O 16.Bf3 e5
17.Bxf6 Bxf6 18.Qxd6 Qxd6 19.Rxd6 Be7 20.Rd3 exf4 21.Nd5 Bg5 22.b4 Rfd8 23.Rhd1 Kf8
24.Kb2 Re8 25.Kb3 Bb7 26.Nb6 Rcd8 27.e5 Rxd3+ 28.cxd3 Bxf3 29.gxf3 Re6 30.Nd7+ Ke7
31.Nc5 Rxe5 32.Nxa6 Kd6 33.a4 bxa4+ 34.Kxa4 Re3 35.b5 Bd8 36.Rg1 Rxf3 37.Rxg7 Rxd3
38.Rxf7 f3 39.Nb4 Re3 40.Nc2 Re2 41.Kb3 f2  0-1

[Event "JUG-chT"]
[Site "Vrnjacka Banja"]
[Date "1996.??.??"]
[Round "?"]
[White "Dimitrov, Vladimir"]
[Black "Leskur, Dejan"]
[Result "1/2-1/2"]
[WhiteElo "2495"]
[BlackElo "2295"]

1.e4 c5 2.Nf3 d6 3.d4 cxd4 4.Nxd4 Nf6 5.Nc3 Nc6 6.Bg5 e6 7.Qd2 a6 8.O-O-O h6
9.Be3 Be7 10.f4 Nxd4 11.Bxd4 b5 12.Kb1 b4 13.Na4 Rb8 14.e5 dxe5 15.Bxe5 Bd7
16.b3 Bxa4 17.Qxd8+ Rxd8 18.Rxd8+ Bxd8 19.bxa4 a5 20.a3 bxa3 21.Bb5+ Kf8
22.c4 Ne4 23.Rc1 f6 24.Bd4 Bc7 25.Be3 Ke7 26.c5 g5 27.g3 gxf4 28.gxf4 Rg8
29.Rc2 h5 30.Ka2 f5 31.c6 Nf6 32.Bc4 Rd8 33.Bc5+ Kf7 34.Kxa3 Ne4 35.Be3 Rd1
36.Kb2 h4 37.Be2 Re1 38.Bc1 e5 39.fxe5 Bxe5+ 40.Kb3 Bc7 41.Bd3 Rh1 42.Bxe4 fxe4
43.Bf4 Bxf4 44.Rf2 Rxh2 45.Rxf4+  1/2-1/2

[Event "JUG-chT"]
[Site "Vrnjacka Banja"]
[Date "1996.??.??"]
[Round "?"]
[White "Mujagic, Ramo"]
[Black "Aleksic, Milan"]
[Result "1/2-1/2"]
[WhiteElo "2380"]
[BlackElo "2320"]

1.e4 c5 2.Nf3 Nc6 3.d4 cxd4 4.Nxd4 Nf6 5.Nc3 d6 6.Bg5 e6 7.Qd2 Be7 8.O-O-O Nxd4
9.Qxd4 O-O 10.f4 Qa5 11.Bc4 Bd7 12.e5 dxe5 13.fxe5 Bc6 14.Bd2 Nd7 15.Nd5 Qd8
16.Nxe7+ Qxe7 17.Rhe1 Rfd8 18.Qg4 Nf8 19.Bd3 Rxd3 20.cxd3 Qd7 21.Bb4 Qd5
22.Bxf8 Rxf8 23.Kb1 Qxg2 24.Qf4 Qf3 25.Qxf3 Bxf3 26.Rc1 Bc6 27.Re3 f5 28.exf6 Rxf6
29.Rce1 Rh6 30.R1e2 Bd5 31.Kc2 Rh4 32.Kc3 Kf7 33.Rf2+ Ke7 34.Rg3 g6 35.a3 Kd6
36.Rg5  1/2-1/2

[Event "JUG-ch (Women) 1"]
[Site "Vrnjacka Banja"]
[Date "1996.??.??"]
[Round "?"]
[White "Gaponenko, Inna"]
[Black "Prudnikova, Svetlana"]
[Result "1-0"]
[WhiteElo "2390"]
[BlackElo "2385"]

1.e4 c5 2.Nf3 Nc6 3.d4 cxd4 4.Nxd4 Nf6 5.Nc3 d6 6.Bg5 e6 7.Qd2 a6 8.O-O-O h6
9.Be3 Be7 10.f4 Nxd4 11.Bxd4 b5 12.Kb1 b4 13.Na4 Nxe4 14.Qxb4 d5 15.Qe1 Bf6
16.Bd3 Nd6 17.Bxf6 Qxf6 18.Qe5 Qxe5 19.fxe5 Nb5 20.Bxb5+ axb5 21.Nc5 Ke7
22.Rd4 f6 23.Re1 fxe5 24.Rxe5 Kd6 25.Nd3 Rf8 26.b3 Rf1+ 27.Kb2 Rd1 28.Re2 Rf1
29.Rb4 Bd7 30.Ne5 Be8 31.Nf3 Rc8 32.a3 Rc5 33.Rf4 Bh5 34.Rf8 Ke7 35.Rb8 Bxf3
36.gxf3 Rxf3 37.Rb7+ Kf6 38.Rb6 d4 39.Rbxe6+ Kf5 40.Re8 Rd5 41.Rf8+ Kg4 42.Re4+  1-0

[Event "Wattens op"]
[Site "Wattens"]
[Date "1996.??.??"]
[Round "4"]
[White "Wiesinger, Johann"]
[Black "Kupfner, Franz"]
[Result "0-1"]
[WhiteElo "1745"]
[BlackElo "2085"]

1.e4 c5 2.Nf3 d6 3.d4 cxd4 4.Nxd4 Nf6 5.Nc3 Nc6 6.Bg5 Bd7 7.Bc4 Qa5 8.Bxf6 gxf6
9.Nb3 Qg5 10.g3 h5 11.Qd2 Qxd2+ 12.Nxd2 e6 13.O-O-O a6 14.f4 b5 15.Bd3 Be7
16.Nf3 Rc8 17.Be2 Rd8 18.Rd2 Bc8 19.Rhd1 Bb7 20.a3 Rc8 21.Kb1 Na5 22.Rd4 Nc6
23.R4d2 Nb8 24.Nd4 Nd7 25.Nb3 Nc5 26.Nxc5 Rxc5 27.Bf3 f5 28.Bh1 h4 29.Bg2 hxg3
30.hxg3 Rg8 31.exf5 Bxg2 32.Rxg2 Rxf5 33.Ne2 Rh5 34.c3 f5 35.Rgg1 Kd7 36.Rh1 Rgh8
37.Rxh5 Rxh5 38.Kc2 Bf6 39.Rd3 Rh2 40.Rd2 Bg7 41.Ng1 Rxd2+ 42.Kxd2 e5 43.Nf3 Bf6
44.Ke3 Ke6 45.b3 Bd8 46.Ke2 Bf6 47.Kd2 e4 48.Ng1 d5 49.Ne2 Kd6 50.b4 Ke6
51.Ke3 Kf7 52.Kf2 Bd8 53.Kg2 Bb6 54.Kh3 Kg6 55.g4 fxg4+ 56.Kxg4 Be3 57.Kh4 Kf5
58.Kg3 Bb6 59.Kh3 e3 60.Kg3 Ke4 61.Kg4 Bd8 62.f5 Bf6 63.Nf4 Be5 64.Ne2 Kd3
65.Kf3 Kd2 66.Ng1 Bxc3 67.Ne2 Be5 68.Ng1 d4 69.Kg4 Bf6 70.Nf3+ Ke2 71.Ng1+ Kf1  0-1

[Event "Wattens op"]
[Site "Wattens"]
[Date "1996.??.??"]
[Round "5"]
[White "Stolzlechner, Thomas"]
[Black "Grab, Ratko"]
[Result "1/2-1/2"]
[WhiteElo "1885"]
[BlackElo "2060"]

1.e4 c5 2.Nf3 d6 3.d4 cxd4 4.Nxd4 Nf6 5.Nc3 Nc6 6.Bg5 e6 7.Qd2 a6 8.O-O-O h6
9.Be3 e5 10.Nb3 Be6 11.f3 Be7 12.g4 Rc8 13.Kb1 b5 14.Nd5 Bxd5 15.exd5 Nb8
16.h4 Nfd7 17.h5 Nb6 18.Bxb6 Qxb6 19.Bd3 b4 20.f4 Nd7 21.Rhf1 a5 22.Bf5 Rc7
23.fxe5 Nxe5 24.Qf2 Qxf2 25.Rxf2 a4 26.Nd2 O-O 27.Re2 a3 28.b3 g6 29.hxg6 fxg6
30.Be6+ Kg7 31.Re4 Bg5 32.Nc4 Nxc4 33.Rxc4 Rxc4 34.bxc4 Be3 35.c3 Rf2 36.Rd3 Rb2+
37.Ka1 Rc2 38.Rd1 Rxc3 39.Rf1 Bf4 40.c5 Rxc5 41.Kb1 g5 42.Rh1 Rc3 43.Rd1 Rh3
44.Kc2 Be5 45.Rb1 Bc3 46.Rf1 Rh2+ 47.Kd3 Bf6 48.Kc4 Rxa2 49.Kxb4 Rh2 50.Kxa3 h5
51.gxh5 Rxh5 52.Rg1 Rh4 53.Kb3 Rd4 54.Kc2 Kg6 55.Rg4 Kh5 56.Rxd4 Bxd4 57.Kd3 Bc5
58.Ke2 g4 59.Kf1 Kg5 60.Kg2 Kh4 61.Bg8  1/2-1/2

[Event "NBG Open Weilburg"]
[Site "Weilburg"]
[Date "1996.??.??"]
[Round "5"]
[White "Lau, Ralf"]
[Black "Schlamp, Robert"]
[Result "1-0"]
[WhiteElo "2510"]
[BlackElo "2255"]

1.e4 c5 2.Nf3 d6 3.d4 cxd4 4.Nxd4 Nf6 5.Nc3 Nc6 6.Bg5 Bd7 7.Qd2 Rc8 8.O-O-O Nxd4
9.Qxd4 Qa5 10.Bd2 e5 11.Qd3 Rxc3 12.Bxc3 Qxa2 13.f3 g6 14.Kd2 Qa4 15.Be2 a6
16.Ke1 Bb5 17.Qd2 Bxe2 18.Qxe2 Be7 19.b3 Qc6 20.Qc4 Qb6 21.Rd3 O-O 22.Ke2 Re8
23.Rhd1 Bf8 24.Kf1 d5 25.exd5 e4 26.Qd4 Qd6 27.Qxf6 Qxf6 28.Bxf6 exd3 29.Rxd3 Bg7
30.Bh4 f6 31.Bf2 Kf7 32.Bb6 Ke7 33.Re3+ Kd7 34.Rxe8 Kxe8 35.c4 f5 36.Ke2 Kd7
37.c5 Bc3 38.Kd3 Be1 39.Kc4 Bd2 40.b4 h5 41.b5 axb5+ 42.Kxb5 Be1 43.Ba5 Bf2
44.Kb6 Kc8 45.Bb4 g5 46.d6 g4 47.d7+ Kxd7 48.Kxb7 Bxc5 49.Bxc5 gxf3 50.gxf3 Ke6
51.Kc6 Ke5 52.Be3  1-0

[Event "Werfen op-A"]
[Site "Werfen"]
[Date "1996.??.??"]
[Round "1"]
[White "Klovans, Janis"]
[Black "Heil, Walter"]
[Result "1-0"]
[WhiteElo "2530"]
[BlackElo "2065"]

1.e4 c5 2.Nf3 Nc6 3.d4 cxd4 4.Nxd4 Nf6 5.Nc3 d6 6.Bg5 Bd7 7.Nb3 a6 8.Qd2 h6
9.Bxf6 gxf6 10.O-O-O h5 11.Kb1 b5 12.f4 b4 13.Nd5 a5 14.Bb5 e6 15.Rhe1 exd5
16.Bxc6  1-0

[Event "Werfen op-A"]
[Site "Werfen"]
[Date "1996.??.??"]
[Round "3"]
[White "Klovans, Janis"]
[Black "Euler, Gerd"]
[Result "1-0"]
[WhiteElo "2530"]
[BlackElo "2365"]

1.e4 c5 2.Nf3 Nc6 3.d4 cxd4 4.Nxd4 Nf6 5.Nc3 d6 6.Bg5 e6 7.Qd2 a6 8.O-O-O h6
9.Be3 Be7 10.f3 Bd7 11.Kb1 Rb8 12.g4 b5 13.h4 Nxd4 14.Bxd4 b4 15.Ne2 e5 16.Be3 Be6
17.Ng3 Qa5 18.b3 d5 19.g5 hxg5 20.hxg5 Rxh1 21.Nxh1 d4 22.gxf6 dxe3 23.fxg7 exd2
24.g8=Q+ Bf8 25.Ng3 Qc5 26.Nh5 Rc8 27.Bc4 Bxc4 28.bxc4 Qxc4 29.Rxd2 Qf1+
30.Kb2 Qxf3 31.Ng7+ Ke7 32.Nf5+ Kf6 33.Qh8+ Ke6 34.Rd6+ Bxd6 35.Qxc8+ Kf6
36.Qd8+ Kg6 37.Nh4+  1-0

[Event "Owens Corning"]
[Site "Wrexham"]
[Date "1996.??.??"]
[Round "?"]
[White "Hartman, Christer"]
[Black "Murugan, Krishnamoorthy"]
[Result "1/2-1/2"]
[WhiteElo "2370"]
[BlackElo "2430"]

1.e4 c5 2.Nf3 Nc6 3.d4 cxd4 4.Nxd4 Nf6 5.Nc3 d6 6.Bg5 e6 7.Qd2 a6 8.O-O-O h6
9.Be3 Be7 10.f3 Nxd4 11.Bxd4 e5 12.Be3 Be6 13.Kb1 b5 14.g4 Qa5 15.h4 Rc8
16.a3 Rb8 17.Nd5 Qxd2 18.Nxf6+ Bxf6 19.Rxd2 Be7 20.Be2 Bc4 21.h5 Kd7 22.Rhd1 Rhc8
23.Bxc4 bxc4 24.Rd5 Rb5 25.a4 Rxd5 26.Rxd5 Kc6 27.b3 Bg5 28.Bxg5 hxg5 29.bxc4 Kd7
30.Ra5 Rxc4 31.Rxa6 Rc3 32.Ra8 Rxf3 33.Rg8 Rf4 34.a5 Kc6 35.Rxg7 Rxg4 36.Rxf7 Kb5
37.Rf6 Rxe4 38.Rxd6 Kxa5 39.h6 Rh4 40.Rd5+ Kb4 41.Rxe5 Rxh6 42.Rxg5 Kc3 43.Rg3+ Kc4  1/2-1/2

[Event "Oberliga Wuert9697"]
[Site "Wuerttemberg"]
[Date "1996.??.??"]
[Round "?"]
[White "Ott, Frank"]
[Black "Oberst, Thomas"]
[Result "1/2-1/2"]
[WhiteElo "2245"]
[BlackElo "2290"]

1.e4 c5 2.Nf3 Nc6 3.d4 cxd4 4.Nxd4 Nf6 5.Nc3 d6 6.Bg5 e6 7.Qd2 h6 8.Bxf6 gxf6
9.O-O-O a6 10.f4 Bd7 11.Be2 h5 12.Rhf1 Qc7 13.Kb1 Be7 14.Rf3 h4 15.Nb3 O-O-O
16.Nd5 exd5 17.exd5 Kb8 18.dxc6 Bxc6 19.Rc3 Qd7 20.Bf3 Bxf3 21.Rxf3 Rc8 22.Nd4 Rhg8
23.Rb3 d5 24.Nf3 Qg4 25.Re1 Rc7 26.Re2 Bd6 27.Qxd5 Bxf4 28.h3 Qc8 29.a3 Rd8
30.Qe4 Bg5 31.Rb4 Rd1+ 32.Ka2 Rc1 33.c3 Rd7 34.Nd4 Ka8 35.Nb3 Rcd1 36.Rc4 Rc7
37.Ra4 Kb8 38.Nd4 Rc4 39.Rb4 Rxb4 40.axb4 Qc4+ 41.Nb3 Qxe4 42.Rxe4 Rg1 43.Re2 Bf4
44.Nd4 Rf1 45.Kb3 Kc8 46.Kc4 Bd6 47.Kd5 Kd7 48.Nf3 Bg3 49.b5 a5 50.Kc4 a4
51.Kb4 Ra1 52.c4 Ra2 53.c5 a3 54.Kb3 Rxb2+ 55.Rxb2 axb2 56.Kxb2 Ke6 57.c6 bxc6
58.Nd4+ Kd5 59.Nxc6 Ke4 60.Ne7 Bf2 61.Kc2 Kf4 62.Kd3 Kg3 63.Ke2 Kxg2 64.Nf5 Bc5
65.Nxh4+  1/2-1/2

[Event "Yalta op"]
[Site "Yalta"]
[Date "1996.??.??"]
[Round "6"]
[White "Kostenko, Igor"]
[Black "Goloshchapov, Alexander"]
[Result "0-1"]
[WhiteElo "2285"]
[BlackElo "2445"]

1.e4 c5 2.Nf3 Nc6 3.d4 cxd4 4.Nxd4 Nf6 5.Nc3 d6 6.Bg5 e6 7.Qd2 a6 8.O-O-O h6
9.Bf4 Bd7 10.Bg3 Rc8 11.Be2 Be7 12.f4 Nxd4 13.Qxd4 Bc6 14.Bf3 Qc7 15.Kb1 O-O
16.e5 Bxf3 17.gxf3 Nd5 18.Rd3 Rfd8 19.Qe4 Qc6 20.Qe2 Nb6 21.exd6 Bxd6 22.Rhd1 Bc7
23.Qe4 Rxd3 24.Rxd3 Rd8 25.Rxd8+ Bxd8 26.f5 exf5 27.Qxf5 Nc4 28.Qd3 Bf6 29.Nd1 Qxf3
30.Qxf3 Nd2+ 31.Kc1 Nxf3 32.Nf2 Bg5+ 33.Kd1 f5 34.Nd3 Be7 35.c3 Kf7 36.Ke2 Ng5
37.Ke3 Ne4 38.Be5 g5 39.Kd4 Ke6 40.Bg7 h5 41.a4 h4 42.b4 Bd6 43.h3 g4  0-1

[Event "Yerevan ol (Women)"]
[Site "Yerevan"]
[Date "1996.??.??"]
[Round "2"]
[White "Ciuksyte, Dagne"]
[Black "Peptan, Corina"]
[Result "1-0"]
[WhiteElo "2205"]
[BlackElo "2395"]

1.e4 c5 2.Nf3 d6 3.d4 cxd4 4.Nxd4 Nf6 5.Nc3 Nc6 6.Bg5 e6 7.Qd2 a6 8.O-O-O h6
9.Be3 Nxd4 10.Bxd4 b5 11.f4 Bb7 12.Qe3 Qc7 13.Bxf6 gxf6 14.Bd3 Rc8 15.Kb1 h5
16.Rhf1 Bh6 17.Qh3 Ke7 18.Rde1 b4 19.Ne2 Qc5 20.Nc1 Bg7 21.Qh4 a5 22.e5 a4
23.exd6+ Qxd6 24.f5 Bd5 25.Rf4 Bh6 26.Rd4 Bd2 27.Re2 Bg5 28.Qf2 Rhd8 29.fxe6 fxe6
30.Qf5 Kd7 31.Qh7+ Kc6 32.Be4 Kb6 33.Bxd5 exd5 34.Re7 Rc4 35.Rb7+ Kc6 36.Ra7 Rd7
37.Ra6+ Kc5 38.Rxc4+ dxc4 39.Qf5+ Kd4 40.Rxd6+ Rxd6  1-0

[Event "Yerevan op"]
[Site "Yerevan"]
[Date "1996.??.??"]
[Round "2"]
[White "Aslanian, Ludmila K"]
[Black "Bagaturov, Giorgi"]
[Result "0-1"]
[WhiteElo "2195"]
[BlackElo "2460"]

1.e4 c5 2.Nf3 Nc6 3.d4 cxd4 4.Nxd4 Nf6 5.Nc3 d6 6.Bg5 e6 7.Qd2 a6 8.O-O-O Bd7
9.Be2 Be7 10.f4 Qc7 11.Nb3 b5 12.Bxf6 gxf6 13.Bh5 Rf8 14.Rhe1 O-O-O 15.Kb1 Kb8
16.Re3 Bc8 17.Qe1 Bb7 18.Rh3 Rc8 19.Bf3 Rh8 20.Rh5 h6 21.Qe3 Bf8 22.Rh3 Bg7
23.Rg3 Bf8 24.Bh5 b4 25.Ne2 Ne5 26.Rc1 Nc4 27.Qd4 e5 28.Qd3 a5 29.Bg4 Rd8
30.c3 d5 31.cxb4 exf4 32.Rh3 Bxb4 33.Rh5 Ba6 34.Qf3 a4 35.Ka1 dxe4 36.Qxe4 axb3
37.axb3 Qb7 38.bxc4 Qxe4  0-1

[Event "Yerevan ol (Men)"]
[Site "Yerevan"]
[Date "1996.??.??"]
[Round "3"]
[White "Rowson, Jonathan"]
[Black "Rodriguez, Amador"]
[Result "0-1"]
[WhiteElo "2425"]
[BlackElo "2510"]

1.e4 c5 2.Nf3 d6 3.d4 cxd4 4.Nxd4 Nf6 5.Nc3 Nc6 6.Bg5 e6 7.Qd2 a6 8.O-O-O Bd7
9.f4 Qc7 10.Bxf6 gxf6 11.Kb1 O-O-O 12.Nce2 Kb8 13.g3 h5 14.Bg2 Be7 15.h4 Nxd4
16.Nxd4 Rdg8 17.Qe3 Qc5 18.Qb3 Bd8 19.Rhf1 Qb6 20.Qd3 Rg7 21.c4 Be7 22.e5 fxe5
23.fxe5 dxe5 24.Qe3 Qc5 25.Qe4 Qc7 26.Nb5 Bc6 27.Nxc7 Bxe4+ 28.Bxe4 Kxc7
29.Bxb7 a5 30.Rf3 f5 31.Rb3 Rb8 32.Bf3 Rxb3 33.axb3 Rxg3 34.Bxh5 e4 35.c5 Bxc5
36.Bf7 e3 37.Re1 Kd6 38.h5 f4 39.Kc2 f3 40.b4 axb4  0-1

[Event "Yerevan ol (Men)"]
[Site "Yerevan"]
[Date "1996.??.??"]
[Round "3"]
[White "Ramesh, RB."]
[Black "Zavoronkov, Vladimir"]
[Result "0-1"]
[WhiteElo "2380"]
[BlackElo "2265"]

1.e4 c5 2.Nf3 Nc6 3.d4 cxd4 4.Nxd4 Nf6 5.Nc3 d6 6.Bg5 e6 7.Qd2 a6 8.O-O-O h6
9.Be3 Be7 10.f3 Nxd4 11.Bxd4 b5 12.Kb1 Rb8 13.e5 dxe5 14.Bxe5 Qxd2 15.Rxd2 Ra8
16.Bd3 Bb7 17.a4 b4 18.Be4 Ra7 19.Bxb7 Rxb7 20.Bxf6 gxf6 21.Ne4 Kf8 22.Rhd1 f5
23.Nd6 Rc7 24.Rd4 Rc6 25.b3 Rg8 26.g3 h5 27.Nc4 h4 28.gxh4 Bf6 29.Rd7 Rg2
30.R7d2 Rxd2 31.Rxd2 Ke7 32.Kc1 Bxh4 33.Ne5 Rc7 34.Kd1 Bf6 35.Nc4 Bc3 36.Rd3 Rc8
37.f4 f6 38.Rg3 e5 39.Rg7+ Ke6 40.Ra7 Rg8 41.Rxa6+ Kd5 42.Ke2 Ke4 43.Rxf6 Rg2+
44.Kf1 Rxc2 45.Nxe5 Rxh2 46.Rd6 Kxf4 47.Nc4 Ke4 48.a5 f4 49.a6 f3 50.Kg1 Ra2
51.Re6+ Kf4 52.Rd6 Ra1+  0-1

[Event "Yerevan op"]
[Site "Yerevan"]
[Date "1996.??.??"]
[Round "3"]
[White "Brodsky, Michail"]
[Black "Bagaturov, Giorgi"]
[Result "1-0"]
[WhiteElo "2545"]
[BlackElo "2460"]

1.e4 c5 2.Nf3 Nc6 3.d4 cxd4 4.Nxd4 Nf6 5.Nc3 d6 6.Bg5 e6 7.Qd2 a6 8.O-O-O h6
9.Be3 Bd7 10.f3 b5 11.Nxc6 Bxc6 12.Qf2 Qc7 13.Bd3 d5 14.exd5 Nxd5 15.Nxd5 Bxd5
16.Kb1 Be7 17.Bb6 Qf4 18.Bc5 Qh4 19.g3 Bxc5 20.Qxc5 Qe7 21.Bxb5+ Kf8 22.Qxe7+ Kxe7
23.Be2 g5 24.c4 Bc6 25.Rhf1 h5 26.Kc2 f5 27.Bd3 Raf8 28.Rde1 h4 29.g4 fxg4
30.fxg4 Rf4 31.Rxf4 gxf4 32.Bf5 Bd7 33.Be4 h3 34.g5 Rg8 35.Rg1 a5 36.Kd3 e5
37.Bd5 Bf5+ 38.Ke2 Rb8 39.b3 Bg6 40.Re1 a4 41.Kd2 axb3 42.Rxe5+ Kf8 43.axb3 Rxb3
44.Ke1 Rb2 45.Re2 Rb1+ 46.Kf2 Bd3 47.Re1 Rxe1 48.Kxe1 Kg7 49.c5 Kg6 50.Be6 Be4
51.Bxh3 Kxg5 52.Kf2 Bc6 53.Bg2 Bd7 54.Bf3 Kh4 55.Bb7 Kg4 56.Be4 Bb5 57.h3+ Kxh3
58.Kf3 Kh4 59.Kxf4 Ba4 60.Bf5 Bc6 61.Be6 Kh5 62.Ke5 Kg6 63.Kd6 Bf3 64.Bd5 Bg4
65.c6 Kf6 66.c7 Bc8 67.Bc6  1-0

[Event "Yerevan ol (Men)"]
[Site "Yerevan"]
[Date "1996.??.??"]
[Round "4"]
[White "Sepp, Olav"]
[Black "Van der Wiel, John TH"]
[Result "1/2-1/2"]
[WhiteElo "2420"]
[BlackElo "2535"]

1.e4 c5 2.Nf3 d6 3.d4 cxd4 4.Nxd4 Nf6 5.Nc3 Nc6 6.Bg5 e6 7.Qd2 a6 8.O-O-O Bd7
9.f3 Qc7 10.Kb1 Be7 11.h4 Nxd4 12.Qxd4 Rc8 13.g4 h6 14.Be3 e5 15.Qd2 Be6
16.Nd5 Nxd5 17.exd5 Bd7 18.Bd3 h5 19.g5 O-O 20.f4 exf4 21.Bxf4 Bb5 22.Bf5 Bd7
23.Bd3 Bb5 24.Bf5 Bd7 25.Bd3  1/2-1/2

[Event "Yerevan ol (Men)"]
[Site "Yerevan"]
[Date "1996.??.??"]
[Round "4"]
[White "Spraggett, Kevin"]
[Black "Ivanovic, Bozidar"]
[Result "0-1"]
[WhiteElo "2530"]
[BlackElo "2510"]

1.e4 c5 2.Nf3 Nc6 3.d4 cxd4 4.Nxd4 Nf6 5.Nc3 d6 6.Bg5 e6 7.Qd2 a6 8.O-O-O h6
9.Be3 Be7 10.f4 Nxd4 11.Bxd4 b5 12.Bd3 b4 13.Na4 e5 14.Bb6 Qd7 15.Qxb4 Rb8
16.fxe5 dxe5 17.Qa5 O-O 18.b3 Re8 19.Bc5 Bd8 20.Qc3 Bb7 21.Bxa6 Qc6 22.Bxb7 Qxb7
23.Rhe1 Nxe4 24.Qc4 Nxc5 25.Nxc5 Qxg2 26.Rd7 Qg6 27.Kb1 Be7 28.Ne4 Kh8 29.Qd5 Rbc8
30.c4 f6 31.Qb7 Rb8  0-1

[Event "Yerevan ol (Men)"]
[Site "Yerevan"]
[Date "1996.??.??"]
[Round "4"]
[White "Westerinen, Heikki MJ"]
[Black "Kanengoni, Arnold T"]
[Result "1-0"]
[WhiteElo "2430"]
[BlackElo "2230"]

1.e4 c5 2.Nf3 Nc6 3.d4 cxd4 4.Nxd4 Nf6 5.Nc3 d6 6.Bg5 h6 7.Bxf6 gxf6 8.Qd2 e6
9.O-O-O a6 10.f4 Bd7 11.Bc4 Qb6 12.f5 Qxd4 13.Qxd4 Nxd4 14.Rxd4 Rc8 15.Bb3 Rg8
16.g3 b5 17.Rf1 Be7 18.Ne2 Rc5 19.Rd3 Re5 20.fxe6 fxe6 21.Rf4 d5 22.Nd4 dxe4
23.Re3 f5 24.Nxf5 Bg5 25.Nd6+ Ke7 26.Nxe4 Bxf4 27.gxf4 Rf5 28.Nc3 Rg1+ 29.Kd2 Rg2+
30.Kd3 Rxh2 31.a4 h5 32.Ne2 Kd6 33.Nd4 Rxf4 34.Nxe6 Rf6 35.Ng5 Bf5+ 36.Kc3 Bg6
37.axb5 axb5 38.Kb4 Kc6 39.Nf3 Rg2 40.Nd4+ Kb6 41.Re5 Rg4 42.Rxb5+ Kc7 43.Rc5+ Kd7
44.Ba4+ Ke7 45.c3 h4 46.Rc7+ Kf8 47.Bd7 Bf5 48.Bxf5 Rxf5 49.Rc4  1-0

[Event "Yerevan ol (Men)"]
[Site "Yerevan"]
[Date "1996.??.??"]
[Round "5"]
[White "Zjukin, Sergei"]
[Black "Thorhallsson, Throstur"]
[Result "1/2-1/2"]
[WhiteElo "2365"]
[BlackElo "2480"]

1.e4 c5 2.Nf3 d6 3.d4 cxd4 4.Nxd4 Nf6 5.Nc3 Nc6 6.Bg5 e6 7.Qd2 a6 8.O-O-O h6
9.Bf4 Bd7 10.Nxc6 Bxc6 11.Qe1 Be7 12.h4 Qc7 13.Rh3 e5 14.Bh2 Rc8 15.Bd3 Bd7
16.Re3 Ng4 17.Rh3 Nf6 18.Re3 Ng4 19.Rh3 Nf6  1/2-1/2

[Event "Yerevan ol (Men)"]
[Site "Yerevan"]
[Date "1996.??.??"]
[Round "6"]
[White "Martin, Benjamin"]
[Black "Pazos, Plinio"]
[Result "1/2-1/2"]
[WhiteElo "2375"]
[BlackElo "2365"]

1.e4 c5 2.Nf3 Nc6 3.d4 cxd4 4.Nxd4 Nf6 5.Nc3 d6 6.Bg5 Bd7 7.Be2 Qa5 8.Bxf6 gxf6
9.Nb3 Qd8 10.O-O a6 11.Qd2 e6 12.Qe3 Qc7 13.f4 Be7 14.Rad1 Na5 15.Kh1 O-O-O
16.Nd2 Qc5 17.Qd3 Kb8 18.a3 Rc8 19.Rf3 Nc6 20.Nc4 Rcd8 21.Na4 Qb5 22.Nab6 Be8
23.b4 f5 24.Qe3 fxe4 25.Ne5 exf3 26.Bxb5 fxg2+ 27.Kxg2 axb5 28.Nf3 d5 29.a4 Rg8+
30.Kf2 Nxb4 31.axb5 Bxb5 32.Rb1 Ba6 33.Nd4 Kc7 34.c3 Nd3+ 35.Kf1 Bc5 36.Rb5 Bxb5
37.Nxb5+ Kxb6 38.Qxd3 Rg1+ 39.Ke2 Rdg8 40.Nd4 Kc7 41.Qxh7 R8g7 42.Qh5 Kd7
43.Qh8 b6 44.Qb8 R1g2+ 45.Kf3 Rxh2 46.Qb7+ Ke8 47.Qb8+ Kd7 48.Qb7+ Ke8 49.Qb8+ Kd7  1/2-1/2

[Event "Yerevan"]
[Site "Yerevan"]
[Date "1996.??.??"]
[Round "6"]
[White "Hracek, Zbynek"]
[Black "Epishin, Vladimir"]
[Result "1/2-1/2"]
[WhiteElo "2650"]
[BlackElo "2645"]

1.e4 c5 2.Nf3 d6 3.d4 cxd4 4.Nxd4 Nf6 5.Nc3 Nc6 6.Bg5 e6 7.Qd2 a6 8.O-O-O Nxd4
9.Qxd4 Be7 10.f4 b5 11.Bxf6 gxf6 12.f5 Qc7 13.Be2 Qc5 14.Qd3 Ra7 15.Bh5  1/2-1/2